Largest Cities every Thousand Years - Statistics

General Stats
  • This quiz has been taken 97 times
  • The average score is 4 of 12
Answer Stats
Year Modern Country Population Answer % Correct
2000 AD Japan 26,400,000 Tokyo
99%
0 AD Italy 1,000,000 Rome
97%
1000 AD Iraq 1,200,000 Baghdad
90%
2000 BC Iraq 65,000 Ur
41%
1000 BC Egypt 120,000 Thebes
36%
7000 BC Palestine 2,000 Jericho
23%
4000 BC Iraq 4,000 Uruk
18%
3000 BC Iraq 45,000 Uruk
18%
6000 BC Turkey 3,000 Çatalhöyük
2%
8000 BC Syria 500 Mureybet
0%
5000 BC Syria 4,000 Tell Brak
0%
4000 BC Syria 4,000 Tell Brak
0%
No matching quizzes found
Score Distribution
Percent of People with Each Score
Percentile by Number Answered
Your Score History
You have not taken this quiz